[Event "Viking op"]
[Site "Aaland-Stockholm"]
[Date "1997.??.??"]
[Round "?"]
[White "Fedorov, Alexei"]
[Black "Matros, Alexander"]
[Result "1-0"]
[WhiteElo "2600"]
[BlackElo "2395"]

1.e4 c5 2.Nf3 Nc6 3.Nc3 e6 4.d4 cxd4 5.Nxd4 Qc7 6.g3 d6 7.Bg2 Nf6 8.O-O Bd7
9.Nb3 Be7 10.f4 a6 11.Be3 b5 12.a3 Rb8 13.h3 b4 14.axb4 Nxb4 15.Nd4 O-O 16.g4 g6
17.f5 e5 18.Nb3 Rfd8 19.g5 Nh5 20.Rf2 d5 21.exd5 Nf4 22.fxg6 hxg6 23.Bxf4 exf4
24.Nd4 Bxg5 25.Qd2 Bh6 26.Nce2 Be8 27.Nxf4 Bxf4 28.Rxf4 Nxd5 29.Rh4 Qe7 30.Re4 Qc5
31.Rf1 Nc7 32.Qf2 Qf8 33.c3 a5 34.Rg4 Bd7 35.Rf4 f5 36.h4 Qf6 37.h5 g5 38.Qg3 Kh8
39.Rxf5 Bxf5 40.Qxc7  1-0

[Event "Adelquis Remon"]
[Site "Adelquis Remon"]
[Date "1997.??.??"]
[Round "?"]
[White "Leyva, Ricardo"]
[Black "Pineda, Boris"]
[Result "1-0"]
[WhiteElo "2250"]
[BlackElo "2295"]

1.e4 c5 2.Nf3 e6 3.d4 cxd4 4.Nxd4 Nc6 5.Nc3 Qc7 6.Be3 Nf6 7.Qd2 Bb4 8.Bd3 d5
9.a3 Bxc3 10.Qxc3 dxe4 11.Nb5 Qd7 12.Bxe4 Nxe4 13.Qxg7 Rf8 14.Bh6 Qe7 15.O-O-O Bd7
16.Nc7+ Kd8 17.Nxa8 Re8 18.f3 Nf6 19.Bg5 Rg8 20.Qxg8+ Nxg8 21.Bxe7+ Ngxe7
22.Rd2 Kc8 23.Rhd1 Be8 24.b4 b5 25.c4 e5 26.cxb5 Nd4 27.Rxd4 exd4 28.a4  1-0

[Event "Adelquis Remon"]
[Site "Adelquis Remon"]
[Date "1997.??.??"]
[Round "?"]
[White "Pupo, Emilio"]
[Black "Pineda, Boris"]
[Result "1-0"]
[WhiteElo "2400"]
[BlackElo "2295"]

1.e4 c5 2.Nf3 e6 3.d4 cxd4 4.Nxd4 Nc6 5.Nc3 Qc7 6.Be2 Nf6 7.O-O a6 8.Kh1 d6
9.Be3 Be7 10.f4 Bd7 11.Qe1 b5 12.a3 O-O 13.Qg3 Kh8 14.Bf3 Rac8 15.Rad1 Na5
16.e5 Ng8 17.Be2 Nc4 18.Bxc4 Qxc4 19.Rf2 dxe5 20.fxe5 Bxa3 21.Nde2 Be7 22.Rxd7 Bh4
23.Qf3 Bxf2 24.Bxf2 Nh6 25.h3 b4 26.Ne4 Qxc2 27.Nd4 Qxb2 28.Nd6 Rc1+ 29.Kh2 Kg8
30.Be3 Rc3 31.Qe4 Rxe3 32.Qxe3 a5 33.Qg5 Nf5 34.N6xf5 exf5 35.e6 h6 36.Qe7  1-0

[Event "ROM-chJ"]
[Site "Alba Iulia"]
[Date "1997.??.??"]
[Round "?"]
[White "Popescu, D."]
[Black "Istrate, Bogdan"]
[Result "1/2-1/2"]
[WhiteElo "2365"]
[BlackElo "2325"]

1.e4 c5 2.Nf3 e6 3.Nc3 Nc6 4.d4 cxd4 5.Nxd4 Qb6 6.Nb3 Nf6 7.Bd3 a6 8.Be3 Qc7
9.f4 d6 10.Qf3 Be7 11.O-O-O O-O 12.g4 b5 13.g5 Nd7 14.h4 Bb7 15.Rhg1 Rac8
16.Kb1 Rfe8 17.h5 Nb4 18.Qf2 Bf8 19.g6 fxg6 20.hxg6 h6 21.Nd4  1/2-1/2

[Event "Alicante op"]
[Site "Alicante"]
[Date "1997.??.??"]
[Round "7"]
[White "Romero, Antonio"]
[Black "Sion Castro, Marcelino"]
[Result "1-0"]
[WhiteElo "2225"]
[BlackElo "2440"]

1.e4 c5 2.Nc3 Nc6 3.Nf3 e6 4.d4 cxd4 5.Nxd4 Qc7 6.g3 a6 7.Bg2 d6 8.O-O Bd7
9.Re1 Be7 10.Nxc6 Bxc6 11.Qg4 h5 12.Qe2 h4 13.a4 hxg3 14.hxg3 Nf6 15.b3 Rc8
16.Bb2 e5 17.Nd1 b5 18.axb5 axb5 19.Ne3 Nxe4 20.Ra6 Qb7 21.Rxc6 Qxc6 22.Qg4 d5
23.Nxd5 Nxf2 24.Nxe7 Rh1+ 25.Kxf2 Qf6+ 26.Nf5 Rxc2+ 27.Re2 Rxe2+ 28.Kxe2 Rb1
29.Ba3 b4 30.Qxb4 Qa6+ 31.Kd2  1-0

[Event "Schahin Cury"]
[Site "Americana"]
[Date "1997.??.??"]
[Round "9"]
[White "De Toledo, James Mann"]
[Black "Vescovi, Giovanni"]
[Result "1/2-1/2"]
[WhiteElo "2395"]
[BlackElo "2480"]

1.e4 c5 2.Nf3 e6 3.d4 cxd4 4.Nxd4 Nc6 5.Nc3 Qc7 6.Be2 a6 7.O-O Nf6 8.Be3 Bb4
9.Nxc6 bxc6 10.Qd4 Bd6 11.f4 e5 12.Qd2 O-O 13.Rad1 exf4 14.Qxd6 Qxd6 15.Rxd6 fxe3
16.e5 Ne8  1/2-1/2

[Event "Andorra op"]
[Site "Andorra"]
[Date "1997.??.??"]
[Round "2"]
[White "Calzetta, Monica"]
[Black "De la Riva Aguado, Oscar"]
[Result "0-1"]
[WhiteElo "2220"]
[BlackElo "2480"]

1.e4 c5 2.Nf3 Nc6 3.d4 cxd4 4.Nxd4 e6 5.Nc3 Qc7 6.g3 a6 7.Bg2 Nf6 8.O-O Bc5
9.Nb3 Ba7 10.a4 d6 11.Kh1 h5 12.Nb5 axb5 13.axb5 Rb8 14.bxc6 Bb6 15.Nd4 bxc6
16.e5 dxe5 17.Nxc6 Rb7 18.b4 O-O 19.b5 Ng4 20.Qe2 Nxf2+ 21.Rxf2 Bxf2 22.Qxf2 Rxb5
23.Ba3 Re8 24.Rd1 Bb7 25.Bd6 Qb6 26.Ne7+ Kh7 27.Qxf7 Rxe7 28.Bxe7 Bxg2+ 29.Kxg2 Qc6+
30.Kh3 e4 31.Bf6 Rb7  0-1

[Event "Andorra op"]
[Site "Andorra"]
[Date "1997.??.??"]
[Round "4"]
[White "Barua, Dibyendu"]
[Black "Dunnington, Angus J"]
[Result "1/2-1/2"]
[WhiteElo "2535"]
[BlackElo "2445"]

1.e4 c5 2.Nf3 e6 3.d4 cxd4 4.Nxd4 Nc6 5.Nc3 Qc7 6.Be2 a6 7.O-O Nf6 8.Be3 Bb4
9.Na4 Be7 10.Nxc6 bxc6 11.Nb6 Rb8 12.Nxc8 Qxc8 13.e5 Nd5 14.Bc1 Bc5 15.c4 Ne7
16.b3 Qc7 17.Bb2 d6 18.exd6 Bxd6 19.g3 Be5 20.Bxe5 Qxe5 21.Bf3 c5 22.Qd2 Qc7
23.Be4 O-O 24.Rad1 Rfd8 25.Qe3 h6 26.Bc2 Qa5 27.Bb1 Rxd1 28.Rxd1 Rd8 29.Rxd8+ Qxd8
30.Kg2 Qd6 31.b4 cxb4 32.Be4 Nf5 33.Qa7 g6 34.c5 Qd4 35.Bxf5 Qd5+ 36.Kg1 Qd1+
37.Kg2 Qd5+ 38.Kg1 Qd1+  1/2-1/2

[Event "Andorra op"]
[Site "Andorra"]
[Date "1997.??.??"]
[Round "5"]
[White "Nataf, Igor Alexandre"]
[Black "De la Riva Aguado, Oscar"]
[Result "1/2-1/2"]
[WhiteElo "2410"]
[BlackElo "2480"]

1.e4 c5 2.Nf3 Nc6 3.d4 cxd4 4.Nxd4 e6 5.Nc3 Qc7 6.Be2 a6 7.O-O Nf6 8.Kh1 Bb4
9.Qd3 Ne5 10.Qg3 O-O 11.Bh6 Ne8 12.Nd5 exd5 13.Bxg7 Ng6 14.Bxf8 Bxf8 15.exd5 Qxg3
16.hxg3 Bg7 17.Rfd1 b5 18.c3 Rb8 19.Nf5 d6 20.Nxg7 Kxg7 21.Rd4 Nf6 22.f3 h5
23.a4 bxa4 24.Raxa4 Rxb2 25.Bxa6 Bxa6 26.Rxa6 Ne7 27.g4 hxg4 28.fxg4 Nfxd5
29.c4 Nb6 30.Rxd6 Nxc4 31.Rd7 Ng6 32.Rda7 Ne3 33.Ra1 Nxg4 34.R7a2 Rb3  1/2-1/2

[Event "Andorra op"]
[Site "Andorra"]
[Date "1997.??.??"]
[Round "7"]
[White "Dhar, Saheli"]
[Black "Pogorelov, Ruslan"]
[Result "0-1"]
[WhiteElo "2185"]
[BlackElo "2465"]

1.e4 c5 2.Nf3 e6 3.d4 cxd4 4.Nxd4 Nc6 5.Nc3 d6 6.Be2 Nf6 7.Be3 Be7 8.O-O O-O
9.Kh1 Bd7 10.Nb3 a6 11.a4 b6 12.f4 Qc7 13.Bf3 Rab8 14.g4 Bc8 15.g5 Nd7 16.Bg2 Re8
17.Qh5 g6 18.Qh3 Nb4 19.Rf2 Nc5 20.Raf1 Bf8 21.Qh4 Bb7 22.Bd4 Nc6 23.Bf6 Nd7
24.Rf3 Nxf6 25.gxf6 Nb4 26.Rh3 h6 27.Rg1 Qd7 28.Bf3 Rbc8 29.Rhg3 Kh7 30.R1g2 Rxc3
31.bxc3 Na2 32.Rh3 Nxc3 33.Qe1 Rc8 34.Rg4 Qd8 35.e5 Bxf3+ 36.Rxf3 dxe5 37.Rd3 Qc7
38.fxe5 Qc6+ 39.Kg1 Nxa4 40.Rdg3 Bc5+ 41.Nxc5 Qxc5+ 42.Qe3 Nc3 43.Qxc5 Rxc5
44.Rd3 g5 45.h4 Kg6 46.hxg5 hxg5 47.Kf1 Kf5 48.Rg2 Nd5 49.Ra3 a5 50.Kg1 Nf4  0-1

[Event "Andorra op"]
[Site "Andorra"]
[Date "1997.??.??"]
[Round "9"]
[White "Fressinet, Laurent"]
[Black "Van der Werf, Mark"]
[Result "1-0"]
[WhiteElo "2320"]
[BlackElo "2420"]

1.e4 c5 2.Nf3 e6 3.d4 cxd4 4.Nxd4 Nc6 5.Nc3 Qc7 6.Be3 a6 7.Be2 Nf6 8.O-O Bb4
9.Na4 Be7 10.Nxc6 bxc6 11.Bd3 c5 12.c4 h5 13.h3 Bb7 14.Nc3 h4 15.Qd2 Bd6
16.Rfe1 Nh5 17.Bf1 Bf4 18.Rad1 Bxe3 19.Qxe3 Qe5 20.Qd2 Rd8 21.a3 g5 22.b4 cxb4
23.axb4 Nf6 24.Nd5 Rh6 25.Nxf6+ Rxf6 26.Qd6 Qxd6 27.Rxd6 Ke7 28.Rb6 Rb8 29.e5 Rg6
30.b5 axb5 31.Rb1 Kd8 32.c5 Kc7 33.Bxb5 Rgg8 34.Bxd7 Be4 35.Rxb8 Rxb8 36.Rxb8 Kxb8
37.f3 Bg6 38.Kf2 Kc7 39.Bb5 Kd8 40.Ke3 Bh5 41.Bd3 Ke7 42.c6 Kd8 43.Kd4 Kc7
44.Kc5 Bg6 45.Bxg6 fxg6 46.Kb5 g4 47.hxg4 Kb8 48.g5 Kc8 49.Kb6 Kb8 50.c7+ Kc8
51.f4  1-0

[Event "Ano Liosia op"]
[Site "Ano Liosia"]
[Date "1997.??.??"]
[Round "4"]
[White "Gocheva, Rumiana B"]
[Black "Miladinovic, Igor"]
[Result "0-1"]
[WhiteElo "2215"]
[BlackElo "2510"]

1.e4 c5 2.Nc3 Nc6 3.Nge2 e6 4.d4 cxd4 5.Nxd4 Qc7 6.g3 a6 7.a4 Nf6 8.Bg2 Bc5
9.Nb3 Ba7 10.Qe2 d6 11.Bf4 Ne5 12.Rd1 Bd7 13.O-O h6 14.h3 Rd8 15.Kh2 O-O
16.Nc1 Rc8 17.Rd2 Ne8 18.Rxd6 Qxd6 19.Rd1 Qe7 20.Bxe5 Bc6 21.Nb3 Rd8 22.Bd4 Bxd4
23.Nxd4 Nc7 24.Nxc6 bxc6 25.Qc4 c5 26.Rxd8 Rxd8 27.e5 Rd4 28.Qe2 Qg5 29.f4 Qd8
30.Ne4 Rxa4 31.Nxc5 Ra1 32.Nd3 Qd4 33.Qf2 Qxf2 34.Nxf2 a5 35.Be4 Na6 36.Nd3 Rd1
37.c3 Rd2+ 38.Kg1 Re2 39.Bb7 Nc7 40.Bc6 Re3 41.Nf2 Rxg3+  0-1

[Event "Arco di Trento op2"]
[Site "Arco di Trento"]
[Date "1997.??.??"]
[Round "1"]
[White "Calzetta, Monica"]
[Black "Romanishin, Oleg M"]
[Result "0-1"]
[WhiteElo "2200"]
[BlackElo "2555"]

1.e4 c5 2.Nf3 e6 3.d4 cxd4 4.Nxd4 Nc6 5.Nc3 a6 6.g3 Qc7 7.Bg2 Nf6 8.O-O h6
9.a4 Nxd4 10.Qxd4 Bc5 11.Qd3 d6 12.a5 Bd7 13.Be3 Rd8 14.Bxc5 Qxc5 15.Rfd1 Ng4
16.Qd4 Qxd4 17.Rxd4 Ke7 18.Rad1 Bc6 19.Nd5+ exd5  0-1

[Event "NZD-ch"]
[Site "Auckland"]
[Date "1997.??.??"]
[Round "3"]
[White "Rogers, Ian"]
[Black "Garbett, Paul Anthony"]
[Result "1/2-1/2"]
[WhiteElo "2575"]
[BlackElo "2300"]

1.e4 c5 2.Nf3 e6 3.d4 cxd4 4.Nxd4 Nc6 5.Nc3 Qc7 6.Be2 a6 7.O-O Nf6 8.Kh1 Nxd4
9.Qxd4 Bc5 10.Qd3 b5 11.f4 Bb7 12.Bf3 h5 13.e5 Ng4 14.Bxb7 Qxb7 15.Ne4 Be7
16.Bd2 Nh6 17.a3 Nf5 18.Bb4 Qc6 19.c3 a5 20.Bxe7 Kxe7 21.Rad1 h4 22.Rf3 a4
23.Nd6 Nxd6 24.exd6+ Kf8 25.f5 e5 26.f6 gxf6 27.Rxf6 h3 28.Rd2 hxg2+ 29.Kg1 Qc4
30.Qd5 Qxd5 31.Rxd5 Kg7 32.Rf2 f6 33.Rxb5 Ra6 34.Kxg2 Rxd6 35.Rb4 Ra8 36.h4 Kg6
37.Rg4+ Kh5 38.Rg7 Kh6 39.Rf7 Kg6 40.Re7 Rh8 41.Kg3  1/2-1/2

[Event "NZD-ch"]
[Site "Auckland"]
[Date "1997.??.??"]
[Round "10"]
[White "Martin, Benjamin"]
[Black "Garbett, Paul Anthony"]
[Result "0-1"]
[WhiteElo "2375"]
[BlackElo "2300"]

1.e4 c5 2.Nf3 Nc6 3.d4 cxd4 4.Nxd4 e6 5.Nc3 Qc7 6.f4 a6 7.Be2 d6 8.Be3 Nf6
9.O-O Be7 10.Qe1 O-O 11.Qg3 Kh8 12.Rae1 Bd7 13.Nf3 Nb4 14.Bd3 b5 15.e5 dxe5
16.fxe5 Nxd3 17.exf6 Qxg3 18.fxe7 Qd6 19.exf8=Q+ Rxf8 20.cxd3 Bc6 21.a3 f6
22.d4 h6 23.d5 exd5 24.Bd4 Bd7 25.Nh4 Re8 26.Nf5 Qb8 27.Ne7 b4 28.Ncxd5 bxa3
29.bxa3 Qd6 30.Bb2 Bb5 31.Rf2 Qxd5 32.Bc3 Qd7 33.Ng6+ Kh7 34.Rxe8 Qxe8 35.Nf4 Qe3
36.Bd2 Qxa3 37.h3 Qa1+ 38.Kh2 Qa4 39.Kg3 g5 40.Nh5 Qh4+  0-1

[Event "AUT-chT2S 9697"]
[Site "Austria"]
[Date "1997.??.??"]
[Round "10"]
[White "Kotz, Heinz Peter"]
[Black "Schroecker, Hans Peter"]
[Result "1/2-1/2"]
[WhiteElo "2220"]
[BlackElo "2275"]

1.e4 c5 2.Nf3 Nc6 3.d4 cxd4 4.Nxd4 e6 5.Nc3 Qc7 6.Be3 a6 7.Be2 Nf6 8.O-O Bb4
9.Nxc6 bxc6 10.Na4 Rb8 11.Bd3 Be7 12.f4 d6 13.c4 c5 14.Kh1 Bb7 15.Nc3 O-O
16.Qf3 Bc6 17.b3 Qb7 18.Rae1 Rbd8 19.Bc1 d5 20.cxd5 exd5 21.e5 d4 22.Ne4 Nxe4
23.Bxe4 Bxe4 24.Rxe4 f5  1/2-1/2

[Event "AUT-chT9697"]
[Site "Austria"]
[Date "1997.??.??"]
[Round "11"]
[White "Neulinger, Manfred"]
[Black "Topakian, Raffi"]
[Result "1-0"]
[WhiteElo "2365"]
[BlackElo "2340"]

1.e4 c5 2.Nf3 e6 3.Nc3 Nc6 4.d4 cxd4 5.Nxd4 Qc7 6.g3 a6 7.Bg2 Nf6 8.O-O Bc5
9.Nxc6 dxc6 10.Na4 Ba7 11.b3 b5 12.e5 Nd5 13.c4 bxa4 14.cxd5 cxd5 15.Ba3 Qxe5
16.Re1 Qf5 17.Bxd5 Bd7 18.Bxa8 Bxf2+ 19.Kh1 Bxe1 20.Qxe1 Qb5 21.Qc3 f6 22.Rd1 axb3
23.axb3 Kf7 24.Qc7 Kg6 25.Be4+ f5 26.Qxd7 Qxd7 27.Bxf5+ Kxf5 28.Rxd7 g5 29.Bd6 h5
30.h3 Ra8 31.b4 Ke4 32.Kg2 g4 33.hxg4 hxg4 34.Bc5 e5 35.Ra7 Rxa7 36.Bxa7 Kd3
37.Kf2 Kd2 38.Bc5 Kd3 39.Bd6 Ke4 40.Ke2 Kd4 41.Bb8 Ke4 42.Ba7  1-0

[Event "AUT-chT2W 9697"]
[Site "Austria"]
[Date "1997.??.??"]
[Round "11"]
[White "Fuchs, Georg"]
[Black "Srienz, Christian"]
[Result "1/2-1/2"]
[WhiteElo "2210"]
[BlackElo "2110"]

1.e4 c5 2.Nf3 Nc6 3.Nc3 e6 4.d4 cxd4 5.Nxd4 Nf6 6.Ndb5 d6 7.Bf4 e5 8.Bg5 a6
9.Na3 Be6 10.Bxf6 gxf6 11.Nd5 Rc8 12.Nc4 Bxd5 13.exd5 Ne7 14.a4 Rc5 15.Ne3 f5
16.b4 Rc3 17.b5 Bg7 18.bxa6 bxa6 19.Bxa6 Rxe3+ 20.fxe3 Qa5+ 21.Kf2 Qxa6 22.a5 O-O
23.Qd3 Qxd3 24.cxd3 e4 25.Ra3 exd3 26.a6 Ra8  1/2-1/2

[Event "SCO-ch"]
[Site "Aviemore"]
[Date "1997.??.??"]
[Round "2"]
[White "Upton, Timothy J"]
[Black "Crouch, Colin S"]
[Result "1/2-1/2"]
[WhiteElo "2280"]
[BlackElo "2375"]

1.e4 c5 2.Nf3 e6 3.d4 cxd4 4.Nxd4 Nc6 5.Nc3 Qc7 6.Be2 Nf6 7.O-O a6 8.Be3 Be7
9.f4 d6 10.Qe1 O-O 11.Qg3 Re8 12.e5 Nd5 13.Nf5 g6 14.exd6 Nxc3 15.bxc3 Bxd6
16.Nxd6 Qxd6 17.Rad1 Qa3 18.Bf3 Qxc3 19.Bxc6 bxc6 20.Qf2 e5 21.fxe5 Bf5 22.g4 Be6
23.Bh6 Qh3 24.Qf4 Qxg4+ 25.Qxg4 Bxg4 26.Rd4 Be2 27.Rf6 Rxe5 28.Rxc6 Rh5 29.Bf4 Re8
30.c4 g5 31.Bg3 f5 32.Rxa6 f4 33.Bf2 Rb8 34.Kg2 Rf8 35.Ra5  1/2-1/2

[Event "SCO-ch"]
[Site "Aviemore"]
[Date "1997.??.??"]
[Round "8"]
[White "Buchanan, Walter F"]
[Black "Crouch, Colin S"]
[Result "0-1"]
[WhiteElo "2160"]
[BlackElo "2375"]

1.e4 c5 2.Nf3 e6 3.d4 cxd4 4.Nxd4 Nc6 5.Nc3 Qc7 6.Be2 a6 7.O-O Nf6 8.Be3 Be7
9.f4 d6 10.Qe1 O-O 11.Qg3 Nxd4 12.Bxd4 b5 13.Bd3 b4 14.e5 dxe5 15.fxe5 bxc3
16.Qh4 Nh5 17.Qe4 g6 18.Qxa8 Bb7 19.Qa7 Qc6 20.Rf3 cxb2 21.Rb1 Ba3 22.Qb6 Qxb6
23.Bxb6 Bxf3 24.gxf3 Nf4 25.Bxa6 Ra8 26.Bc4 Rc8 27.Ba6 Rxc2 28.Be3 Bc5  0-1

[Event "Bad Woerishofen op"]
[Site "Bad Woerishofen"]
[Date "1997.??.??"]
[Round "7"]
[White "Weigel, Herbert"]
[Black "Servaty, Rudolf"]
[Result "1/2-1/2"]
[WhiteElo "2240"]
[BlackElo "2290"]

1.e4 c5 2.Nf3 e6 3.d4 cxd4 4.Nxd4 Nc6 5.Nc3 Nf6 6.Ndb5 d6 7.Bf4 e5 8.Bg5 a6
9.Na3 b5 10.Bxf6 gxf6 11.Nd5 Bg7 12.c3 f5 13.Bd3 Ne7 14.Nxe7 Qxe7 15.O-O O-O
16.Qh5 f4 17.Nc2 Bb7 18.Rfe1 Qe6 19.a4 bxa4 20.Rxa4 a5 21.Ra3 Qc8 22.Rea1 f5
23.f3 Qc5+ 24.Kh1 fxe4 25.fxe4 Qf2 26.Qf3 Qb6 27.b3 Kh8 28.c4 Bc6 29.Rf1 Qc7
30.Ne1 Bf6 31.Qe2 Rab8 32.Bc2 Bd8 33.Nf3 Qe7 34.Qd2 Bb6 35.Raa1 Ra8 36.Rad1 Bc5
37.Ra1 Qd8 38.Qe2 Qf6 39.Ra2 Bd7 40.Ne1 Qg6 41.Bd1 Bc6 42.Bc2 Rg8 43.Nf3 Qf6
44.Qe1 Bb4 45.Qe2 Rg7 46.Bb1 Rag8 47.Bd3 Ra8 48.Bb1 Rag8 49.Qd1 Rg6 50.Qd3 Bc5
51.Rd1 Rg4 52.Re1 Qh6 53.Ree2 Rg3 54.Re1 Qg6 55.Qf1 Rg4 56.Bd3 h5 57.Ree2 Bb4
58.Bb1 Qf6 59.Bd3 h4 60.Ng1 Bd7 61.Rf2 Qh6 62.h3 Rg3 63.Rf3 Be6 64.Raf2 Bc5
65.Rxg3 hxg3 66.Rf3 Qf8 67.Be2 Qa8 68.Qb1 Qa7 69.Rd3 Qb6 70.Rd1 Qb4 71.Qd3 Qa3
72.Nf3 Rb8 73.Rb1 Qa2 74.Qd1 a4 75.Ng5 Bg8 76.Bd3 axb3 77.Qh5+ Kg7 78.Rf1 b2
79.Qg4 b1=Q 80.Ne6+ Kf6 81.Qf5+ Ke7 82.Nxc5 Qxf1+ 83.Bxf1 dxc5 84.Qxe5+ Be6
85.Qxb8 Qa1 86.Qc7+ Kf6 87.Qxf4+ Ke7 88.Kg1 Qd4+ 89.Kh1 Qd1 90.Qc7+ Kf6 91.Qf4+ Ke7  1/2-1/2

[Event "Baku"]
[Site "Baku"]
[Date "1997.??.??"]
[Round "4"]
[White "Yilmaz, Turham"]
[Black "Sideif Sade, Fikret I"]
[Result "1-0"]
[WhiteElo "2390"]
[BlackElo "2435"]

1.e4 c5 2.Nf3 e6 3.d4 cxd4 4.Nxd4 Nc6 5.Nc3 Qc7 6.g3 a6 7.Bg2 Nf6 8.O-O Be7
9.Kh1 d6 10.f4 Bd7 11.Be3 Nxd4 12.Bxd4 Bc6 13.a4 O-O 14.a5 Nd7 15.g4 e5 16.fxe5 dxe5
17.Be3 Bc5 18.Bd2 Bd4 19.Ra3 Rad8 20.Nd5 Bxd5 21.exd5 Bxb2 22.Rh3 Rfe8 23.Qb1 h5
24.Qxb2 hxg4 25.Rc3 Qb8 26.Rg3  1-0

[Event "Regionalliga NW9798"]
[Site "Bayern"]
[Date "1997.??.??"]
[Round "?"]
[White "Strobel, Walter"]
[Black "Neubert, Marcus"]
[Result "1-0"]
[WhiteElo "2205"]
[BlackElo "2045"]

1.e4 c5 2.Nf3 Nc6 3.d4 cxd4 4.Nxd4 e6 5.Nc3 a6 6.Be3 Nf6 7.f3 d5 8.exd5 Nxd5
9.Nxd5 Qxd5 10.Nxc6 Qxc6 11.Bd3 Bc5 12.Qe2 O-O 13.O-O-O e5 14.Bxc5 Qxc5 15.Rhe1 f6
16.Qe4 g6 17.Bc4+ Kh8 18.g4 Rb8 19.Bb3 b5 20.Rd5 Qc7 21.Qe3 Bb7 22.Rc5 Qg7
23.g5 fxg5 24.Rxe5 Qf6 25.Kb1 Rbd8 26.a3 Qxf3 27.Qxg5 Qf6 28.Qxf6+ Rxf6 29.Re7 Bf3
30.Ka2 a5 31.a4 bxa4 32.Bxa4 Bd5+ 33.Ka3 Rf3+ 34.c3 Rb8 35.Ra7 Rf2 36.Rxa5 Bg8
37.Rb5 Rxb5 38.Bxb5 Rxh2 39.c4 g5 40.Rg1 h6 41.b3 Kg7 42.Kb4 Kf6 43.Bd7 Rd2
44.Bg4 Rd3 45.Rd1 Rg3 46.Bh5 g4 47.Rd6+ Kg5 48.Be8 Bh7 49.c5 Re3 50.Bd7 g3
51.c6 g2 52.Rd1 Be4 53.c7 Bb7 54.Bc6 Bc8 55.Bxg2 Be6 56.Bd5 Bg4 57.Rg1  1-0

[Event "Regionalliga NW9697"]
[Site "Bayern"]
[Date "1997.??.??"]
[Round "?"]
[White "Solomunovic, Igor"]
[Black "Suran, Jan"]
[Result "1/2-1/2"]
[WhiteElo "2350"]
[BlackElo "2315"]

1.e4 c5 2.Nf3 e6 3.d4 cxd4 4.Nxd4 Nc6 5.Nc3 Qc7 6.g3 a6 7.Bg2 Nf6 8.O-O d6
9.Re1 Bd7 10.Nxc6 bxc6 11.Na4 Rd8 12.c4 c5 13.Nc3 Be7 14.g4 h6 15.f4 Bc6
16.Qe2 Bb7 17.Be3 Nd7 18.Bf2 g5 19.f5 Bf6 20.Rad1 Be5 21.Rd3 Ke7 22.Rf1 Nf6
23.h4 Rhg8 24.h5 Rb8 25.b3 Rgd8 26.Kh1 Ba8 27.Nb1 Bc6 28.Nd2 Qb7 29.Be1 Rg8
30.Bg3 Bxg3 31.Rxg3 e5 32.Rd3 a5 33.a4 Qa8 34.Kh2 Rb6 35.Kg3 Rgb8 36.Qe3 Qb7
37.Rd1 Bd7 38.Bf3 Bc6 39.Re1 Bd7 40.Bd1 Bc6 41.Bc2 Rd8 42.Rc3 Qc7 43.Nf3 Ba8
44.Rd1 Qc6 45.Rb1 Qc7  1/2-1/2

[Event "Regionalliga NW9798"]
[Site "Bayern"]
[Date "1997.??.??"]
[Round "?"]
[White "Djeno, Drago"]
[Black "Neubert, Marcus"]
[Result "1-0"]
[WhiteElo "2090"]
[BlackElo "2045"]

1.e4 c5 2.Nf3 Nc6 3.d4 cxd4 4.Nxd4 e6 5.Nc3 a6 6.g3 Nge7 7.Bg2 Nxd4 8.Qxd4 Nc6
9.Qd1 Qc7 10.O-O b5 11.Bf4 d6 12.e5 d5 13.Nxd5 Qb7 14.Nc3 Be7 15.Qg4 Kf8
16.Bg5 Bxg5 17.Qxg5 Qc7 18.Bxc6 Qxc6 19.Rad1 Bd7 20.Rd6 Qc7 21.Rfd1 Be8 22.Rd8 h6
23.Qh4 Rxd8 24.Rxd8 g5 25.Qd4 Kg7 26.Qd6 Qb7 27.Rb8 Qf3 28.Qd8 Kh7 29.Qf6 Qc6
30.a3 Qc7 31.Rd8 Rg8 32.Rd6 Bc6 33.h4 Rg6 34.Qd8 Qxd8 35.Rxd8 gxh4 36.Rd6 Be8
37.Ne4 hxg3 38.Nf6+ Rxf6 39.exf6 gxf2+ 40.Kxf2 a5 41.Ra6 a4 42.Ra8 Bc6 43.Rc8 Bd5
44.Rc5 Bc4 45.b3 axb3 46.cxb3 Bxb3 47.Rxb5 Bd5 48.Rb4 Kg6 49.a4 Kxf6 50.a5 Ke5
51.a6  1-0

[Event "Regionalliga SW9697"]
[Site "Bayern"]
[Date "1997.??.??"]
[Round "?"]
[White "Christensen, Niels"]
[Black "Reiter, Markus"]
[Result "1/2-1/2"]
[WhiteElo "1990"]
[BlackElo "2080"]

1.e4 c5 2.Nf3 e6 3.Nc3 Nc6 4.d4 cxd4 5.Nxd4 a6 6.Be2 Qc7 7.Be3 Nf6 8.O-O Be7
9.f4 d6 10.Qe1 O-O 11.Qg3 Rd8 12.Kh1 Bd7 13.f5 Nxd4 14.Bxd4 e5 15.Be3 Bc6
16.Bh6 Bf8 17.Bg5 Be7 18.Bh6 Bf8 19.Bg5 Be7 20.Rad1 b5 21.Bh6 Bf8 22.Bg5  1/2-1/2

[Event "Oberliga Bayern9798"]
[Site "Bayern"]
[Date "1997.??.??"]
[Round "?"]
[White "Reisch, Stefan"]
[Black "Kunz, Konstantin"]
[Result "1-0"]
[WhiteElo "2090"]
[BlackElo "2220"]

1.e4 c5 2.Nf3 e6 3.d4 cxd4 4.Nxd4 Nc6 5.Nc3 Nf6 6.Bc4 d6 7.Be3 a6 8.Bb3 Na5
9.Qe2 Be7 10.O-O-O Qc7 11.g4 Nxb3+ 12.axb3 O-O 13.g5 Nd7 14.f4 Re8 15.h4 b5
16.g6 Nf6 17.gxf7+ Kxf7 18.Rhg1 Bf8 19.e5 dxe5 20.fxe5 Qxe5 21.Qf3 Bd7 22.Rdf1 Kg8
23.Rg5 Qc7 24.Qxf6 Kh8 25.Qf7 Qd8 26.Nf3 b4 27.Rh5 Qf6 28.Rxh7+ Kxh7 29.Ng5+ Qxg5
30.hxg5 Bc6 31.Qh5+  1-0

[Event "LIB-ch"]
[Site "Beirut"]
[Date "1997.??.??"]
[Round "3"]
[White "Omar, Hytham"]
[Black "Sakr, Nassim"]
[Result "0-1"]
[WhiteElo "2205"]
[BlackElo "2170"]

1.e4 c5 2.Nc3 e6 3.Nf3 Nc6 4.d4 cxd4 5.Nxd4 d6 6.Be3 Nf6 7.Be2 a6 8.f4 Qc7
9.O-O Be7 10.Qe1 Bd7 11.Qg3 O-O 12.f5 Kh8 13.Nxc6 Bxc6 14.Bd3 e5 15.Qh3 b5
16.a3 a5 17.Bg5 b4 18.Bxf6 Bxf6 19.Ne2 Rad8 20.Ng3 d5 21.exd5 Bxd5 22.Nh5 e4
23.Nxf6 gxf6 24.Be2 Qxc2 25.Rf4 Rg8 26.Qe3 Qxb2 27.Raf1 bxa3 28.Rh4 Rg7 29.Rff4 a2  0-1

[Event "BEL-chT9697"]
[Site "BEL"]
[Date "1997.??.??"]
[Round "9"]
[White "Tonoli, Jose"]
[Black "Luminet, Denis"]
[Result "1/2-1/2"]
[WhiteElo "2200"]
[BlackElo "2295"]

1.e4 e6 2.Nf3 c5 3.Nc3 Nc6 4.d4 cxd4 5.Nxd4 Nf6 6.Nxc6 bxc6 7.e5 Nd5 8.Nxd5 cxd5
9.Bd3 Ba6 10.O-O Bxd3 11.Qxd3 Qc7 12.Re1 Rb8 13.b3 Bb4 14.Bd2  1/2-1/2

[Event "JUG-ch playoff"]
[Site "Belgrade"]
[Date "1997.??.??"]
[Round "3"]
[White "Velimirovic, Dragoljub"]
[Black "Ivanisevic, Ivan"]
[Result "1-0"]
[WhiteElo "2485"]
[BlackElo "2450"]

1.e4 c5 2.Nf3 e6 3.d4 cxd4 4.Nxd4 Nc6 5.Nc3 Qc7 6.Be2 Nf6 7.O-O a6 8.Be3 Bb4
9.Na4 O-O 10.c4 Nxe4 11.g3 d5 12.Nc2 Ba5 13.cxd5 Rd8 14.b4 Rxd5 15.Qc1 b5
16.bxa5 bxa4 17.Nb4 Bb7 18.Nxd5 exd5 19.Rb1 Re8 20.Qc2 Qd7 21.Rfc1 Ba8 22.Bf3 h5
23.Bg2 h4 24.Rb6 Nxa5 25.Bxe4 dxe4 26.Qc7 Qxc7 27.Rxc7 Rd8 28.Rxa6 h3 29.Kf1 Nc6
30.Rxa8 Rxa8 31.Rxc6 Rb8 32.Rb6 Rd8 33.Rb4 Rd1+ 34.Ke2 Rh1 35.Rxe4 a3 36.Rc4 Rxh2
37.Rc1 f5 38.Kf3 Kf7 39.g4 g5 40.Rg1 f4 41.Bc5  1-0

[Event "Benasque op"]
[Site "Benasque"]
[Date "1997.??.??"]
[Round "4"]
[White "Martin Gonzalez, Angel"]
[Black "Bernabe Duran, Francisco"]
[Result "1-0"]
[WhiteElo "2420"]
[BlackElo "2210"]

1.e4 c5 2.Nf3 e6 3.Nc3 Nc6 4.d4 cxd4 5.Nxd4 Qc7 6.f4 a6 7.Be2 d6 8.Be3 Nf6
9.O-O Be7 10.Kh1 O-O 11.Qe1 Nxd4 12.Bxd4 b5 13.a3 Bb7 14.Qg3 Bc6 15.Rae1 Qb7
16.Bd3 b4 17.axb4 Qxb4 18.Ne2 Qb7 19.e5 Nh5 20.Qh3 g6 21.Ng3 dxe5 22.Bxe5 Ng7
23.Ne4 f6 24.Bc3 Bd5 25.Re2 Rf7 26.Qh4 Nf5 27.Qe1 Qc6 28.b3 Ng7 29.Bb2 Qb6
30.Nc3 Bc6 31.Bc4 Bd7 32.Nd5 Qd8 33.Nxe7+ Qxe7 34.Rf3 Bb5 35.Rc3 Re8 36.Re4 Bc6
37.Ree3 Bb5 38.Qe2 Qb7 39.Red3  1-0

[Event "Benasque op"]
[Site "Benasque"]
[Date "1997.??.??"]
[Round "4"]
[White "De la Villa Garcia, Jesus Maria"]
[Black "Ivanov, Jordan"]
[Result "1-0"]
[WhiteElo "2495"]
[BlackElo "2365"]

1.e4 c5 2.Nf3 Nc6 3.Nc3 e6 4.d4 cxd4 5.Nxd4 d6 6.Be3 Nge7 7.Be2 Nxd4 8.Qxd4 Nc6
9.Qd2 Be7 10.O-O-O a6 11.Kb1 b5 12.Bf4 b4 13.Na4 e5 14.Be3 Rb8 15.b3 O-O
16.Bc4 Qc7 17.f3 Na5 18.Bd5 Bd7 19.Nb2 Be6 20.Rc1 Rfc8 21.Na4 Qd8 22.c4 Nc6
23.Rhd1 h6 24.Bxe6 fxe6 25.c5 dxc5 26.Nxc5 Nd4 27.Bxd4 exd4 28.Nxe6 Qd6 29.Rxc8+ Rxc8
30.Nf4 Bg5 31.g3 Rc3 32.Qxd4 Qxd4 33.Rxd4 Rxf3 34.e5 Rf1+ 35.Kc2 Ra1 36.h4 Bxf4
37.gxf4 Rxa2+ 38.Kd3 a5 39.e6 Kf8 40.f5 Rb2 41.Rd8+ Ke7 42.Rd7+ Kf8 43.Rf7+ Kg8
44.Kc4 Rh2 45.Ra7 Kf8 46.Rxa5 Rxh4+ 47.Kd5 Rf4 48.Ra8+ Ke7 49.Ra7+ Ke8 50.Kd6 Rd4+
51.Ke5 Rg4 52.Ra8+ Ke7 53.Rg8  1-0

[Event "Benasque op"]
[Site "Benasque"]
[Date "1997.??.??"]
[Round "5"]
[White "Barua, Dibyendu"]
[Black "Kulaots, Kaido"]
[Result "1-0"]
[WhiteElo "2535"]
[BlackElo "2400"]

1.e4 c5 2.Nf3 e6 3.d4 cxd4 4.Nxd4 Nc6 5.Nc3 Qc7 6.Be2 a6 7.O-O b5 8.Re1 Bb7
9.Nxc6 Bxc6 10.Nd5 Bxd5 11.exd5 Nf6 12.a4 b4 13.Bf3 Rc8 14.Qd3 a5 15.Bg5 Be7
16.Rad1 h6 17.Be3 Bc5 18.dxe6 dxe6 19.Qb5+ Ke7 20.Bxc5+ Qxc5 21.Re5 Qxb5
22.Rxb5 Rhd8 23.Rxd8 Kxd8 24.c3 bxc3 25.bxc3 Rxc3 26.Kf1 Rc4 27.Rxa5 Ne4
28.Ra7 Ke8 29.Ke2  1-0